000 00289nam a22001337a 4500
008 171011b xxu||||| |||| 00| 0 eng d
020 _a9780415901789
041 _aeng
080 _a316
100 _a50
101 _aSOC
245 _aCONFLICTS IN FEMINISM
_cHIRSCH,M
942 _2udc
_cBK
999 _c33196
_d33196